书目信息 |
| 题名: |
办公自动化及文字处理技术
|
|
| 作者: | 赵渭钧 主编 | |
| 分册: | ||
| 出版信息: | 南京 河海大学出版社 1991.12 |
|
| 页数: | 256页 | |
| 开本: | 26cm | |
| 丛书名: | ||
| 单 册: | ||
| 中图分类: | C931.4 , TP391 | |
| 科图分类: | ||
| 主题词: | 办公自动化 , 文字--信息处理 | |
| 电子资源: | ||
| ISBN: | 7-5630-0517-X | |
| 000 | 00953cam0 2200289 450 | |
| 001 | 0100421101 | |
| 005 | 20121019091948.0 | |
| 010 | @a7-5630-0517-X@dCNY8.80 | |
| 011 | @a7-5630-0517-X | |
| 100 | @a20021005d1991 em y0chiy0110 ea | |
| 101 | 0 | @achi |
| 102 | @aCN@b320000 | |
| 105 | @ay z 000yy | |
| 106 | @ar | |
| 200 | 1 | @a办公自动化及文字处理技术@9Ban Gong Zi Dong Hua Ji Wen Zi Chu Li Ji Shu;Zhu @f赵渭钧主编@dOffice automation & word processing@zeng@b专著 |
| 210 | @a南京@c河海大学出版社@d1991.12 | |
| 215 | @a256页@d26cm | |
| 300 | @a1993年重印价格:CNY8.80 | |
| 330 | @a本书介绍了办公自动化的基础知识、微型计算机的基本知识、文字输入法及文字处理技术。 | |
| 510 | 1 | @aOffice automation & word processing@zeng |
| 606 | 0 | @a办公自动化 |
| 606 | 0 | @a文字@x信息处理 |
| 690 | @aC931.4@v3 | |
| 690 | @aTP391@v3 | |
| 701 | 0 | @a赵渭钧@9zhao wei jun@4主编 |
| 801 | 0 | @aCN@bAiZhiMarc@c19930915 |
| 905 | @aBZT@dC931.4@e32@f1@sC931.4/32 | |
| 办公自动化及文字处理技术/赵渭钧主编=Office automation & word processing.-南京:河海大学出版社,1991.12 |
| 256页;26cm |
| 1993年重印价格:CNY8.80 |
| ISBN 7-5630-0517-X:CNY8.80 |
| 本书介绍了办公自动化的基础知识、微型计算机的基本知识、文字输入法及文字处理技术。 |
| ● |
| 相关链接 |
|
|
|
正题名:办公自动化及文字处理技术
索取号:C931.4/32
 
预约/预借
| 序号 | 登录号 | 条形码 | 馆藏地/架位号 | 状态 | 备注 |
| 1 | 2000142610 | 2000142610 | 旧书回溯/ [索取号:C931.4/32] | 在馆 |